Statistics for Biggest city, Second biggest city and Capital city of every Country 197 to 205 Quiz

Click here to take the quiz!

General Stats

  • This quiz has been taken 33 times
    (32 since last reset)
  • The average score is 5 of 21

Answer Stats

Country____ CityCity% Correct
GreenlandBiggestNuuk
90%
PalestineCapitalRamallah & (East) Jerusalem
69%
PalestineBiggestGaza
62%
Faroe IslandsBiggestTórshavn
52%
CuraçaoBiggestWillemstad
48%
ArubaBiggestOranjestad
41%
NiueBiggestAlofi
38%
Cook IslandsBiggestAvarua
38%
PalestineSecond(East) Jerusalem
34%
Western SaharaBiggestLaâyoune
28%
Western SaharaCapitalEl Aaiún & Tifariti
28%
Sint MaartenCapitalPhilipsburg
7%
Sint MaartenSecondCul de Sac
3%
Western SaharaSecondDakhla
3%
Faroe IslandsSecondKlaksvík
0%
CuraçaoSecondTera Cora
0%
GreenlandSecondSisimiut
0%
ArubaSecondSint Nicolaas
0%
NiueSecondAvatele
0%
Cook IslandsSecondArorangi
0%
Sint MaartenBiggestLower Prince's Quarter
0%

Score Distribution

Percentile by Number Answered

Percent of People with Each Score

Your Score History

You have not taken this quiz since the last reset